02609cas a2200577 a 450000100090000000300090000900500170001800800410003501000170007601600250009301600220011802200280014003500240016803701060019204002170029804200140051505000150052908200170054421000170056122200200057824500230059826000670062130000450068831000140073333600260074733700280077333800270080136200560082850000890088450000970097353000300107055001310110055500590123165000240129065000390131465000370135365000520139065000290144265000440147165500220151565500430153770000380158070000320161871000270165071000750167777600580175277600560181077600550186677600550192177600550197611141218BDDh-ASL20231015025956.0751101d19272004ii qr p 0 a0eng  a 42044281  a(AMICUS)0000009508487 a0002663102IsJJNL a0021-1834l0021-18342z a(OCoLC)ocm01774508  bIslamic Culture Board, P.O. Box no. 171, Opp. Osmania University P.O., Hyderabad, A.P. 500 007, India aDLCbengcMULdYUSdOCLdIULdNYSdAIPdDLCdNSTdDLCdHULdOCLdDLCdGUAdOCLCQdZCUdCUIdHLSdOCLCQdOCLCGdOCLCQdDLCdOCLCQdIULdJ9UdOCLCFdOCLCOdCGUdNLCdAVAdOCLCQdOCLCAdOCLCQdIL4J6dOCLCOdBDDh-ASL ansdpapcc00aDS36b.I7404a297.306bPII0 aIslam. cult. 0aIslamic culture00aIslamic culture /  aHyderabad, Deccan :b[publisher not identified],c1927-©2004] a179 p. :bplates (some color) ;c21 cm.  aQuarterly atextbtxt2rdacontent aunmediatedbn2rdamedia avolumebnc2rdacarrier0 aVol. 1, no. 1 (Jan. 1927)-v. 78, no. 4 (Oct. 2004). aEditors: -Oct. 1936, Marmaduke Pickthall; Jan. 1937- Oct. 1938, Muhammad Asad-Weiss. aSubtitle varies: <1927-1947>, The Hyderabad quarterly review; <1948->, An English quarterly. aAlso issued on microfilm. aIssued by: Islamic Culture Board, <1985->; by: Academic and Cultural Publications Charitable Trust (Hyderabad, India), <199--> aVol. 1 (1927)-v. 4 (1930), with v. 4.; 1927-1980. 1 v. 0aIslamvPeriodicals. 0aIslamic civilizationvPeriodicals. 7aIslam.2fast0(OCoLC)fst00979776 7aIslamic civilization.2fast0(OCoLC)fst01730294 7aIslamvPeriodicals.2nli 7aIslamic civilizationvPeriodicals.2nli07aPeriodicals.2aat 7aPeriodicals.2fast0(OCoLC)fst014116411 aPickthall, Marmaduke,d1875-1936.1 aAsad, Muhammad,d1900-1992.2 aIslamic Culture Board.2 aAcademic and Cultural Publications Charitable Trust (Hyderabad, India)08iMicrofiche version:tIslamic culturew(OCoLC)2852723808iMicrofilm version:tIslamic culturew(OCoLC)825809808iOnline version:tIslamic culturew(OCoLC)56172594508iOnline version:tIslamic culturew(OCoLC)59282980008iOnline version:tIslamic culturew(OCoLC)604437573